| 000 | 00808nam a2200313Ia 4500 | ||
|---|---|---|---|
| 008 | 171120s9999 xx 000 0 und d | ||
| 020 | _a717292657 | ||
| 050 | _a612.74 | ||
| 050 | _bW183 1998 | ||
| 100 | _aWalker, Richard | ||
| 245 | _aMuscles : | ||
| 245 | _bhow we move and exercise / | ||
| 245 | _cby Richard Walker. | ||
| 260 | _aDanbury, Connecticut: | ||
| 260 | _bGroiler Educational, | ||
| 260 | _c1998 | ||
| 300 | _a48 pages : | ||
| 300 | _bcolored illustrations ; | ||
| 300 | _c29cm. | ||
| 440 | _aUnder the microscope. | ||
| 500 | _aIncludes glossary and index. | ||
| 650 | _aHuman locomotion -- | ||
| 650 | _aHuman locomotion. | ||
| 650 | _aMuscles -- | ||
| 650 | _xJuvenile literature. | ||
| 650 | _xJuvenile literature. | ||
| 700 | _aSeries. | ||
| 700 | _aTitle. | ||
| 999 |
_c344987 _d344987 |
||